Calidez aislada / (Registro nro. 15559)

Detalles MARC
000 -LEADER
fixed length control field 01166nam a22003017a 4500
003 - CONTROL NUMBER IDENTIFIER
control field OSt
005 - DATE AND TIME OF LATEST TRANSACTION
control field 20210802091308.0
008 - FIXED-LENGTH DATA ELEMENTS--GENERAL INFORMATION
fixed length control field 210802s2012 ck a|||er|||| 00| j spa d
020 ## - INTERNATIONAL STANDARD BOOK NUMBER
International Standard Book Number 9789585731738
040 ## - CATALOGING SOURCE
Original cataloging agency CO-JMCR
Transcribing agency CO-JMCR
041 0# - LANGUAGE CODE
Language code of text/sound track or separate title spa
082 04 - DEWEY DECIMAL CLASSIFICATION NUMBER
Classification number H /
Item number AGUc
Edition number 23
100 1# - MAIN ENTRY--PERSONAL NAME
Personal name Aguirre, Camilo,
Relator term autor
9 (RLIN) 38942
245 10 - TITLE STATEMENT
Title Calidez aislada /
Statement of responsibility, etc. Camilo Aguirre
250 ## - EDITION STATEMENT
Edition statement Primera edición
260 ## - PUBLICATION, DISTRIBUTION, ETC.
Place of publication, distribution, etc. Bogotá :
Name of publisher, distributor, etc. Alcaldía Mayor de Bogotá : Secretaría Distrital de Cultura, Recreación y Deporte,
Date of publication, distribution, etc. 2012
300 ## - PHYSICAL DESCRIPTION
Extent 80 páginas sin numerar :
Other physical details ilustraciones a blanco y negro ;
Dimensions 17 cm.
490 0# - SERIES STATEMENT
Series statement Libro al viento ;
Volume/sequential designation 83
521 ## - TARGET AUDIENCE NOTE
Target audience note Recomendado para adultos.
586 ## - AWARDS NOTE
Awards note Obra ganadora de la beca de creación novela gráfica 2011 del Instituto Distrital de las Artes-IDARTES
650 14 - SUBJECT ADDED ENTRY--TOPICAL TERM
Topical term or geographic name entry element Tiras cómicas, historietas, etc., colombianas
Chronological subdivision Siglo XX
9 (RLIN) 11558
650 24 - SUBJECT ADDED ENTRY--TOPICAL TERM
Topical term or geographic name entry element Literatura colombiana
Chronological subdivision Siglo XX
9 (RLIN) 11558
650 24 - SUBJECT ADDED ENTRY--TOPICAL TERM
Topical term or geographic name entry element Hurto en la literatura
9 (RLIN) 38943
650 24 - SUBJECT ADDED ENTRY--TOPICAL TERM
Topical term or geographic name entry element Prostitución en la literatura
9 (RLIN) 38944
650 24 - SUBJECT ADDED ENTRY--TOPICAL TERM
Topical term or geographic name entry element Adolescentes en la literatura
9 (RLIN) 38945
650 24 - SUBJECT ADDED ENTRY--TOPICAL TERM
Topical term or geographic name entry element Amor en la literatura
9 (RLIN) 634
942 ## - ADDED ENTRY ELEMENTS (KOHA)
Source of classification or shelving scheme Dewey Decimal Classification
Koha item type Books
Existencias
Withdrawn status Lost status Source of classification or shelving scheme Damaged status Not for loan Collection code Home library Current library Date acquired Source of acquisition Total Checkouts Full call number Barcode Date last seen Date last checked out Copy number Price effective from Koha item type
    Dewey Decimal Classification     Fiction Biblioteca Pública José María del Castillo y Rada Biblioteca Pública José María del Castillo y Rada 07/15/2021 Donación 5 H / AGUc 201811067 10/31/2025 10/31/2025 Ej.1 08/02/2021 Books
    Dewey Decimal Classification     Fiction Biblioteca Pública José María del Castillo y Rada Biblioteca Pública José María del Castillo y Rada 07/15/2021 Donación 3 H / AGUc 201811376 05/07/2024 05/07/2024 Ej.2 11/17/2021 Books